Finsko

Stručná ekonomicko-hospodárska charakteristika Fínska. Zahraničné vzťahy Fínska. Vzájomné zahranično-obchodné dohody Fínska a Českej republiky. Perspektívne trhové sektory a komodity.

Salvato in:
Dettagli Bibliografici
Autore principale: Lacina, Pavel
Natura: Capitolo di libro
Lingua:ceco
Soggetti:
Tags: Aggiungi Tag
Nessun Tag, puoi essere il primo ad aggiungerne!!

MARC

LEADER 00000naa a2200000 4500
001 r034702
005 20230920095715.1
041 0 |a cze 
044 |a CZ 
245 1 0 |a Finsko  |c Pavel Lacina 
520 |a Stručná ekonomicko-hospodárska charakteristika Fínska. Zahraničné vzťahy Fínska. Vzájomné zahranično-obchodné dohody Fínska a Českej republiky. Perspektívne trhové sektory a komodity. 
610 2 0 |a obchod zahraničný 
610 2 0 |a vývoj hospodársky 
610 2 0 |a vzťahy hospodárske medzinárodné 
610 2 0 |a vzťahy obchodné 
610 2 0 |a bilancia platobná 
610 2 0 |a komodity 
610 2 0 |a Fínsko 
610 2 0 |a Česko 
100 1 |a Lacina, Pavel